| 000 | 00748nam a2200265 4500 | ||
|---|---|---|---|
| 001 | 141257 | ||
| 003 | ES-MaACL | ||
| 005 | 20230906200245.0 | ||
| 007 | t| | ||
| 008 | 070920s1982 sp a ||||0| spa d | ||
| 016 | 7 | _zIBH82017347 | |
| 020 | _a84-205-0868-3 | ||
| 040 |
_aIBH _bspa _cM-BN-DP |
||
| 080 | _a620.97 | ||
| 100 | 1 |
_aWilson, John I.B. _9117037 |
|
| 245 | 1 | 0 |
_aEnergía solar / _cJ.I.B. Wilson ; versión de J. Aguilar Peris. |
| 250 | _a1ª ed. | ||
| 260 |
_aMadrid : _bAlhambra, _c1982. |
||
| 300 |
_aVIII, 225 p. : _bil. ; _c20 cm. |
||
| 504 | _aBibliografía: p. 221-222. | ||
| 650 | 1 | 4 |
_aEnergía solar. _912256 |
| 700 | 1 |
_aAguilar Peris, José. _918743 |
|
| 852 |
_aES-MaACL _jL-2318 _bR.103108 |
||
| 999 |
_c141257 _d141257 |
||